000 00647nam a22002057a 4500
003 0
005 20250108073558.0
008 250108b xxu||||| |||| 00| 0 eng d
020 _a978-1-64173-024-4
050 _aPN 4784
_b.C66 2024
100 _aConley, Earl
_eauthor.
245 _aBroadcast journalism :
_btechniques of radio and television news /
_cEarl Conley.
260 _aNew York, NY :
_bLarsen & Keller,
_c2024.
300 _aviii, 240 p. :
_bcol. ill. ;
_c26 cm.
504 _aIncludes bibliographical references and index.
650 _aBroadcast journalism.
650 _aJournalism.
650 _aBroadcasting.
942 _2lcc
_cBK
999 _c366925
_d366925